| 000 | 01366cam a22003377a 4500 | ||
|---|---|---|---|
| 999 |
_c7460 _d7460 |
||
| 005 | 20200309090910.0 | ||
| 008 | 051014s2005 ne a b 001 0 eng d | ||
| 010 | _a 2005299895 | ||
| 016 | 7 |
_a006935316 _2Uk |
|
| 020 | _a9780750657167 | ||
| 020 | _a0750657162 | ||
| 035 | _a(OCoLC)ocm59108888 | ||
| 040 |
_aJHE _cJHE |
||
| 042 | _alccopycat | ||
| 050 | 0 | 0 |
_aNA2728 _b.S973 2005 |
| 082 | 0 | 4 |
_a720.2840285 _222 _bSZA |
| 100 | 1 | _aSzalapaj, Peter. | |
| 245 | 1 | 0 |
_aContemporary architecture and the digital design process / _cPeter Szalapaj. |
| 260 |
_aAmsterdam ; _aBoston : _bArchitectural Press, _c2005. |
||
| 300 |
_axii, 275 p. : _bill. ; _c25 cm. |
||
| 504 | _aIncludes bibliographical references (p. 266-271) and index. | ||
| 650 | 0 |
_aArchitectural design _xData processing _vCase studies. |
|
| 650 | 0 |
_aComputer-aided design _vCase studies. |
|
| 650 | 6 |
_aDesign architectural _xInformatique _vCas, Études de. |
|
| 650 | 6 |
_aConception assistée par ordinateur _vCas, Études de. |
|
| 856 | 4 | 2 |
_3Publisher description _uhttp://www.loc.gov/catdir/enhancements/fy0705/2005299895-d.html |
| 856 | 4 | 1 |
_3Table of contents only _uhttp://www.loc.gov/catdir/enhancements/fy0627/2005299895-t.html |
| 906 |
_a7 _bcbc _ccopycat _d2 _encip _f20 _gy-gencatlg |
||
| 942 | _2ddc | ||